| 000 | 00359nam a2200121Ia 4500 | ||
|---|---|---|---|
| 005 | 20260326235449.0 | ||
| 008 | 260326s9999||||xx |||||||||||||| ||und|| | ||
| 100 | _aRother, Leopoldo | ||
| 245 | 0 |
_aTratado de Diseño arquitectónico : _b Asoleación / _cLeopoldo Rother |
|
| 260 | _bUniversidad Nacional de Colombia | ||
| 650 | _aARQUITECTURA Y CLIMA | ||
| 942 | _cBK | ||
| 999 |
_c7706 _d7706 |
||